[Event "United Insurance 5th"]
[Site "Dhaka"]
[Date "2001.02.26"]
[Round "8"]
[White "Reefat, Bin Sattar"]
[Black "Vakhidov, Tahir"]
[Result "0-1"]
[WhiteElo "2458"]
[BlackElo "2482"]
[Annotator "Finkel,A"]
[PlyCount "74"]
[EventDate "2001.02.19"]
[EventType "tourn"]
[EventRounds "13"]
[EventCountry "BAN"]
[EventCategory "8"]
[SourceTitle "CBM 082"]
[Source "ChessBase"]
[SourceDate "2001.05.17"]
[SourceVersion "1"]
[SourceVersionDate "2001.05.17"]
[SourceQuality "1"]

1. e4 {Kortschnoj} e6 2. d4 d5 3. Nc3 Nf6 4. e5 Nfd7 5. f4 c5 6. Nf3 Nc6 7. Be3
a6 8. Qd2 cxd4 9. Nxd4 {'!' Kortschnoj.} Bc5 {One of the most popular
variations in french defence,leading to very sharp and complicated struggle.}
10. h4 O-O 11. O-O-O Nxd4 12. Bxd4 b5 13. Rh3 b4 (13... Qb6 14. h5 Bb7 (14...
Ra7 $5 15. Rg3 (15. g4 Bxd4 16. Qxd4 Qxd4 17. Rxd4 f6 18. exf6 Nxf6 19. Be2
Raf7 $13) 15... Bxd4 16. Qxd4 Qxd4 17. Rxd4 Nb8 18. Rd2 Nc6 19. Ne2 b4 $132 {
Tischbierek,R-Zysk,R/BL 1993 (66)}) 15. g4 Bxd4 16. Qxd4 Qxd4 17. Rxd4 h6 $6 (
17... g5 $1 {Finkel,A} 18. hxg6 fxg6 19. Bg2 (19. Bd3 Nb8 $1 {[%csl Rd4,Rf4]
[%cal Gb8c6]}) 19... g5 20. f5 (20. Ne2 gxf4 21. Nxf4 Rae8 22. Rh5 Nb8 $1 $132)
20... exf5 21. e6 Nb6 22. Rh5 h6 $1 $13) 18. Re3 $1 $14 Bc6 19. g5 Nc5 $6 (
19... hxg5 {Finkel,A} 20. fxg5 Rab8 $14) 20. b4 Nd7 21. gxh6 gxh6 22. f5 $1 $36
{1-0 Christiansen,L-Dizdar,G/Luzern 1997/CBM 62/[Finkel,A] (40)}) (13... Bb7
14. Kb1 (14. g4 $5 b4 (14... Bxd4 15. Qxd4 f6 16. exf6 Qxf6 17. Qxf6 Rxf6 18.
Ne2 b4 $13 {1/2-1/2 Froeyman,H-Groffen,H/Antwerp 1999/CBM 75 ext (28)}) 15. Ne2
(15. Na4 $6 Qa5 16. b3 Bc6 $36) 15... a5 16. g5 Ba6 17. h5 Rc8 18. Kb1 Qb6 19.
g6 $5 h6 (19... fxg6 20. hxg6 hxg6 21. Qe1 $5 g5 $5 22. Bxc5 Nxc5 23. fxg5 $13)
20. Re3 Bxe2 21. Rxe2 a4 $13 {Gruenfeld,Y-Gurevich,M/Haifa 1995 (33)}) (14. h5
b4 15. Na4 Qa5 16. b3 Bc6 17. Nb2 Rfc8 $132 {Tischbierek,R-Knaak,R/GER/1993})
14... b4 (14... Bxd4 $5) 15. Ne2 $5 (15. Na4 $6 Bxd4 16. Qxd4 Qa5 17. b3 Bc6
18. Nb2 Qc5 19. c3 a5 $36) 15... a5 16. g4 Ba6 17. Bg2 Bxe2 18. Qxe2 Bxd4 19.
Rxd4 Qc7 20. g5 $14 {Lau,R-Knaak,R/BL 1995 (41)}) 14. Na4 Bxd4 15. Qxd4 a5 (
15... f6 16. Qxb4 fxe5 17. Qd6 Qf6 18. f5 $1 Qh6+ (18... Qxf5 $2 19. Rf3 Qg4
20. Rxf8+ Nxf8 21. Nb6 $18) 19. Kb1 Rxf5 (19... Nf6) 20. Rf3 $36) (15... Qa5 $5
16. b3 Bb7 17. c3 (17. Rg3 Rfc8 (17... Bc6 18. Nb2 Nc5 $1 (18... Qxa2 $6 19.
Nd3 a5 $2 20. Kd2 $1 $18) 19. Bd3 Rfd8 20. f5 exf5 21. Bxf5 Ne4 $15 {Dutreeuw,
M-Gurevich,M/Brussels op 1995 (44)}) 18. Rd2 Bc6 19. f5 $5 {>< Pe5} Qc7 20. f6
g6 21. Qf4 Kh8 22. Re3 Bxa4 23. bxa4 $13 {Arakhamia,K-Gurevich,M/Helsinki op
1992 (33)}) 17... Rfc8 18. Kb1 (18. Kb2 bxc3+ 19. Rxc3 Rxc3 20. Qxc3 {+/=
Nijboer,F-Luther,T/Leeuwarden 1992}) 18... bxc3 19. Rxc3 Rxc3 20. Qxc3 Qxc3 21.
Nxc3 Rc8 22. Kb2 Rc7 23. Ne2 $14 {Herrera,I-Ramas,L/CUB-ch 1993 (45)}) 16. Bb5
{'!' Finkel,A.} Rb8 17. Be2 $6 {Bishop has nothing to do on e2 so white should
prefer usual Bd3. Kortschnoj: 'Up to now the game moves along well-known
theoretical rails. 17.Bd3 is considered to be more dangerous for black '} (17.
Bd3 Qc7 18. h5 Bb7 19. g4 Rfc8 20. Rh2 $1 Qc6 (20... Bc6 21. Nc5 Qb6 22. Nb3 a4
23. Qxb6 Rxb6 24. Nd4 $14) 21. b3 Ba6 22. Bxa6 Qxa6 23. f5 $14 {Fogarasi,
T-Luther,T/Kecskemet 1993 (65)}) 17... Bb7 (17... Nb6 {Kortschnoj} 18. Nc5 Nd7
{is a worth to consider.}) 18. Rg3 (18. g4 Bc6 (18... f6 19. exf6 Qxf6 20. Bb5
Qxd4 21. Rxd4 Nf6 22. Nc5 Nxg4 23. Nxe6 Rf6 24. Nc5 $14) 19. Nc5 Qb6 20. Nxd7
Bxd7 $11) 18... Bc6 19. Nc5 ({After} 19. f5 $2 {Kortschnoj} Qc7 $1 {black
would get a big edge.}) 19... Qb6 (19... Qxh4 20. Rh3 Qe7 21. Nxd7 Bxd7 22. Qd3
h6 23. Qg3 $40) 20. Nxd7 Bxd7 ({Certainly not} 20... Qxd4 $2 {Kortschnoj} 21.
Nf6+) 21. f5 $5 {'!' Kortschnoj. Kortschnoj: 'The move leads to white's
advantage in an arising endgame.'} (21. h5) 21... Qxd4 22. Rxd4 exf5 {
Kortschnoj: '22...Kh8!?'} 23. Rxd5 f4 $1 {After this move arises very
interesting position which remains equal till the moment white makes the
lethal mistake.} 24. Rgd3 {Kortschnoj: 'The only move.'} (24. Rg5 $2 h6 25.
Rxg7+ Kxg7 26. Rxd7 Rbe8 27. Rd5 f6 $15) 24... Bb5 25. Rd2 Bc6 26. Rxa5 $5 ({
After} 26. R5d4 Rbe8 27. Rxf4 Rxe5 28. Bf3 $11 {the game would end up a draw.})
26... Bxg2 27. Bc4 {'?' Kortschnoj. Kortschnoj: 'After 27.Bd1 or 27.Bg4 and
after retreat of the bishop 28.Rf2 black had to look for a compensation for a
lost pawn.'} f3 28. Bd5 {White misses very interesting possibility} (28. Ra7
Rbe8 29. Rdd7 f2 30. Rxf7 Kh8 31. a4 bxa3 32. bxa3 f1=Q+ 33. Bxf1 Bxf1 34. Rxg7
$14) 28... Rb6 {'!' Kortschnoj.} 29. Rd4 $2 (29. Ra7 h5 30. Rf2 $13) ({After} 
29. Rf2 {Kortschnoj} Rh6 30. Bxf3 Bxf3 31. Rxf3 Rxh4 32. b3 Rc8 33. Rf2 {
black would stand a bit better, but a lot of fight was still ahead...}) 29...
Re6 $1 $17 {[%csl Re5] Extremly strong reply, which, I guess, as overlooked by
white. '!' Kortschnoj. Kortschnoj: 'Another strong move. White's position is
on the verge of collapse.'} 30. Rf4 (30. Rxb4 Rxe5 31. Bxf7+ Rxf7 (31... Kxf7 {
Kortschnoj} 32. Rxe5 (32. Rf4+ {Kortschnoj} Kg6 $1) 32... Kg8 $1 $19) 32. Rxe5
h6 33. Rb8+ Kh7 34. Rd8 f2 35. Rd1 f1=Q 36. Rxf1 Rxf1+ 37. Kd2 Rh1 $17) 30...
g5 $1 {'!!' Kortschnoj. Kortschnoj: 'The third consecutive strong move.Black
is winning.'} 31. Rf5 (31. Rxb4 Rxe5 32. Bxf7+ Rxf7 33. Rxe5 f2 34. Rxg5+ Kf8
35. Rb8+ Ke7) (31. hxg5 Rxe5 32. Rxf7 Rxf7 33. Bxf7+ Kxf7 34. Rxe5 Kg6 $1 $19)
31... gxh4 {[%cal Gh4h1]} 32. Bxf3 h3 33. Rd5 Rg6 34. Rd6 $2 {Losing on the
spot} (34. Rd1 h2 35. Bxg2 Rxg2 36. Rff1 Ra8 37. Kb1 Rc8 38. Rc1 Rc5 $17) 34...
h2 $19 35. Bxg2 Rxg2 36. Rh5 Rg1+ 37. Rd1 Rd8 $1 0-1

[Event "RUS-Cup02"]
[Site "Moscow"]
[Date "1998.01.26"]
[Round "6"]
[White "Ovetchkin, Roman"]
[Black "Morozevich, Alexander"]
[Result "1-0"]
[WhiteElo "2475"]
[BlackElo "2590"]
[Annotator "Finkel,A"]
[PlyCount "51"]
[EventDate "1998.01.21"]
[EventType "swiss"]
[EventRounds "9"]
[EventCountry "RUS"]
[SourceTitle "CBM 063"]
[Source "ChessBase"]
[SourceDate "1998.03.26"]
[SourceVersion "1"]
[SourceVersionDate "1998.03.26"]
[SourceQuality "1"]

1. e4 e6 2. d4 d5 3. Nc3 Nf6 4. e5 Nfd7 5. f4 c5 6. Nf3 Nc6 7. Be3 b6 8. Be2 $5
{Not a very ambitious,but quiet acceptable continuation.White has tried
different moves in this position:} (8. Bd3 Be7 (8... Ndb8 $5 9. O-O Be7 10. Kh1
Ba6 11. a3 Bxd3 12. cxd3 O-O $13 {Nicola,R-Sousa,N/POR-chJ U20 Odivelas 1995 
(40)}) 9. O-O Bb7 10. Kh1 a6 11. Qd2 Qc7 12. b3 $5 O-O-O $6 13. Qf2 h6 14. Na4
$1 c4 $6 15. bxc4 dxc4 16. d5 $1 $16 {[%csl Rb6] Djurhuus,R-Heyken,E/Gausdal
Peer Gynt 1992 (31)}) (8. Bb5 Bb7 9. O-O Be7 10. f5 O-O $5 (10... exf5 $6 11.
Nxd5 Nxd4 12. Nxd4 cxd4 13. Nxe7 $1 Qxe7 14. Qxd4 O-O-O 15. Rxf5 $16) 11. f6 $5
gxf6 12. Bh6 fxe5 13. Qe1 $1 $36 {Gipslis,A-Sherieshevsky,M/USSR 1981 (27)}) (
8. Qd2 $5 Bb7 9. O-O-O a6 10. f5 $5 $36 Be7 11. Be2 Qc7 12. Rhe1 O-O-O 13. Bf4
Nxd4 14. Nxd4 cxd4 15. Qxd4 Bc5 $13 {Werner,M-Borngaesser,R/BL 1989 (41)}) 8...
Be7 9. O-O O-O 10. Qd2 Ndb8 {Deserved attention} (10... f6 $5 11. exf6 Nxf6 12.
Rad1 Ng4 13. Kh1 Nxe3 14. Qxe3 Bd6 $13 {with unclear position.}) 11. Rad1 Kh8
12. Kh1 Ba6 13. f5 $5 $36 (13. Bxa6 Nxa6 14. Ne2 cxd4 15. Nexd4 Nxd4 16. Nxd4
Qc7 $11) 13... Bxe2 14. Nxe2 exf5 15. c3 cxd4 $6 {After this move white's
initiative becomes extremly dangerous,so deserved attention} (15... c4 $5 16.
Bg5 $5 f6 17. exf6 Bxf6 18. Bxf6 Qxf6 19. Nf4 Rd8 20. Rde1 $44) 16. Nexd4 $14
Qd7 17. Qd3 g6 18. c4 $1 Rd8 (18... Nb4 $5) 19. Nb5 $1 $16 {Very strong move
exposing numerous problems in position of black.} d4 (19... dxc4 20. Qe2 Qb7
21. Qxc4 Nd7 22. e6 $5 fxe6 23. Qxe6 Rac8 24. Ng5 Nde5 $8 25. Rxd8+ Rxd8 26.
Bf4 $1 $16) 20. Nfxd4 a6 (20... Nxe5 21. Qe2 Qb7 (21... Qc8 $6 22. Bf4 $1 Nec6
23. Bxb8 $18) 22. Nxf5 $1 Rxd1 23. Rxd1 gxf5 24. Bd4 f6 25. Bxe5 fxe5 26. Qxe5+
Kg8 27. Nc7 $16) 21. Nc3 Qb7 (21... Nxe5 22. Qe2 Qb7 23. Nd5 Bd6 24. Bg5 Re8
25. Nf6 $16) 22. Nd5 b5 23. Nxf5 $1 $18 {This nice tactical blow decides the
game.} bxc4 (23... gxf5 24. Rxf5 bxc4 25. Qe4 Bf8 26. Rdf1 $18) (23... Bf8 24.
Nd6 Bxd6 25. exd6 Rxd6 26. Qc3+ f6 27. Rxf6 Rxf6 28. Qxf6+ Qg7 29. Qxg7+ Kxg7
30. Nc7 $18) 24. Qe4 $1 gxf5 25. Rxf5 Bf8 26. Rdf1 {Black resigned. The White
attacking pieces are totally dominating the Kingside.} 1-0

[Event "Ciocaltea Memorial"]
[Site "Bucharest"]
[Date "1999.03.12"]
[Round "9"]
[White "Marjanovic, Slavoljub"]
[Black "Itkis, Boris"]
[Result "1-0"]
[WhiteElo "2451"]
[BlackElo "2462"]
[Annotator "Finkel,A"]
[PlyCount "95"]
[EventDate "1999.03.04"]
[EventType "tourn"]
[EventRounds "13"]
[EventCountry "ROU"]
[EventCategory "10"]
[SourceTitle "CBM 070"]
[Source "ChessBase"]
[SourceDate "1999.06.08"]
[SourceVersion "1"]
[SourceVersionDate "1999.06.08"]
[SourceQuality "1"]

1. e4 e6 2. d4 d5 3. Nc3 Nf6 4. e5 Nfd7 5. f4 c5 6. Nf3 Nc6 7. Be3 a6 8. Qd2 b5
9. Qf2 $5 Qb6 (9... b4 $5 10. Nd1 Qb6 11. Bd3 cxd4 12. Nxd4 Nxd4 13. Bxd4 Bc5
14. Bxc5 Qxc5 15. a3 $14 {Pikula,D-Stojanovic,M/JUG-ch Podgorica 1996 (37)}) (
9... cxd4 10. Nxd4 Qc7 11. Bd3 Nxd4 12. Bxd4 Bc5 13. Ne2 b4 14. O-O g6 15. Kh1
O-O $132 {Elizarov,A-Grigorian,K/Belgorod GMA-qual 1989/1-0 (66)}) (9... Qa5
10. Bd3 b4 11. Nd1 cxd4 12. Nxd4 Nxd4 13. Bxd4 Bc5 14. f5 $5 Bxd4 15. Qxd4 Qb6
$13 {Martin Gonzalez,A-Teyssou,D/Alicante op 1989 (41)}) 10. Bd3 Rb8 $6 {
Rook has nothing to do on b8 so better was} (10... cxd4 11. Nxd4 Nxd4 (11...
Bc5 12. Nce2 Bb7 (12... b4 $5 13. c3 a5 14. O-O Ba6 15. Bxa6 Rxa6 16. Rac1 O-O
$13 {Miladinovic,I-Kosic,D/JUG-chT 1997 (25)}) (12... f6 13. exf6 Nxf6 14. c3
e5 15. fxe5 Nxe5 16. O-O-O $13 {1/2-1/2 Rytshagov,M-Barsov,A/Dieren op 1997})
13. c3 b4 14. O-O Rc8 15. Kh1 g6 16. a3 b3 17. Qh4 $14 {Mitkov,N-Olaizola,L/
San Sebastian op 1993 (44)}) 12. Bxd4 Bc5 13. Ne2 (13. Bxc5 Qxc5 14. Qxc5 Nxc5
15. b4 Na4 16. Ne2 $1 f6 17. Kd2 Bd7 18. Nd4 $14 {Gazik,I-Sinkovics,P/
Zalakaros op 1991 (45)}) 13... Bxd4 14. Nxd4 (14. Qxd4 $5 $14) 14... Nc5 $13
15. b4 $140 (15. O-O O-O (15... Nb7) 16. b4 Ne4 17. Bxe4 dxe4 18. Nb3 Qxf2+ 19.
Kxf2 Bb7 20. Ke3 Bd5 21. Nc5 a5 22. a3 Rfc8 23. c3 $14 {1/2-1/2 Kruppa,
Y-Savchenko,S/Minsk 1996}) 15... Ne4 $132) 11. O-O cxd4 12. Nxd4 Nxd4 13. Bxd4
Qxd4 ({White keeps better chanses also after} 13... Qc7 14. Rae1 Nc5 15. f5
Nxd3 16. cxd3 b4 17. fxe6 $1 Bxe6 (17... bxc3 18. exf7+ Kd8 19. Bxc3 Be6 20.
Rc1 $40 {[%csl Rd8][%cal Gc3d4,Gd4c5]}) 18. Ne2 $14) 14. Qxd4 Bc5 15. Ne2 f6
16. Rf2 $1 Bxd4 17. Nxd4 fxe5 $6 {This move is also inaccuracy,but black's
defensive resourses are still quiet significient.} (17... Nc5 $5 18. Re1 O-O
19. exf6 Rxf6 20. g3 Bd7 21. Rfe2 $14) 18. Nc6 Rb7 (18... Rb6) 19. Nxe5 Nxe5 $2
{After this mistake black is in very serious troubles.It was nessasary to play}
(19... Nc5 {hoping to hold this position.}) 20. fxe5 Rf7 21. a4 Rxf2 ({
Unfortunately black can't play} 21... b4 $6 {becuase of} 22. Rxf7 Kxf7 23. a5
$1 {[%csl Rb4]} Ke7 24. Ra4 b3 25. cxb3 h6 26. Rb4 $18 {[%csl Ra6][%cal Gb4b6]
and white has winning position.}) 22. Kxf2 O-O+ 23. Ke3 Bd7 (23... b4 $2 24. a5
g5 25. Ra4 Rf4 26. g3 Bd7 27. gxf4 gxf4+ 28. Kxf4 Bxa4 29. b3 $18) 24. a5 $1
$16 {[%csl Ra6,Rd7][%cal Ga1a3,Ga3c3,Gc3c7,Ge3b6] Preparing to penitrate with
the king to b6.} Rc8 25. Ra3 b4 $8 {Otherwise white wins even easier:} (25...
Bc6 26. Kd4 Rf8 27. Kc5 $1 Bb7 28. Kb6 Rf7 29. Rc3 d4 30. Rc7 $18 {[%csl Ra6]})
(25... h6 26. Rc3 Rxc3 27. bxc3 Kf7 28. Kd4 Ke7 29. Kc5 Kd8 30. Kd6 $18 {
[%csl Re6][%cal Gd3h7,Gh7g8,Gg8e6]}) 26. Rb3 Rc5 27. Rxb4 Rxa5 28. Rb8+ Kf7 29.
Rb7 Ke8 (29... Ke7 30. Ra7 $1 $18) 30. Bxh7 $18 {White won a pawn and all the
rest is a matter of technique.} Ra4 31. Bd3 Rh4 32. h3 a5 33. c3 g5 34. Ra7 g4
35. Rxa5 gxh3 36. gxh3 Bc6 (36... Rxh3+ 37. Kd4 Rh4+ 38. Kc5 Rh3 39. Kd6 $5
Rxd3 40. Ra8+ Kf7 41. Ra7 Kg6 42. Rxd7 Kf5 43. Rf7+ $18) 37. Bg6+ Kd8 38. Ra7
d4+ $5 39. cxd4 Rxh3+ 40. Kd2 Rb3 41. Kc2 Rg3 42. Bd3 Bd5 43. Ra3 Kc7 44. Rc3+
Kb6 45. Bc4 Rg2+ 46. Kb1 Rg1+ 47. Ka2 Kc6 48. Bb3+ $5 1-0

[Event "Hoogovens-B"]
[Site "Wijk aan Zee"]
[Date "1999.01.24"]
[Round "5"]
[White "Nijboer, Friso"]
[Black "Glek, Igor Vladimirovich"]
[Result "1/2-1/2"]
[WhiteElo "2534"]
[BlackElo "2566"]
[Annotator "Finkel,A"]
[PlyCount "79"]
[EventDate "1999.01.19"]
[EventType "tourn"]
[EventRounds "11"]
[EventCountry "NED"]
[EventCategory "11"]
[SourceTitle "CBM 069"]
[Source "ChessBase"]
[SourceDate "1999.04.01"]
[SourceVersion "1"]
[SourceVersionDate "1999.04.01"]
[SourceQuality "1"]

1. e4 e6 2. d4 d5 3. Nc3 Nf6 4. e5 Nfd7 5. Nce2 c5 6. c3 cxd4 7. cxd4 f6 8.
exf6 (8. Nf4 $5 Bb4+ 9. Bd2 Bxd2+ 10. Qxd2 Qe7 11. exf6 Nxf6 12. Bd3 Nc6 13.
Nge2 O-O 14. O-O Bd7 15. Rad1 (15. a3 $5 Qd6 16. Rad1 Rf7 17. Bb1 Re8 18. f3
Rfe7 19. Nd3 $14 {Sax,G-Glek,I/BL9293 1993 (37)}) 15... Qd6 16. Bb1 Rae8 17.
Nd3 e5 18. dxe5 Nxe5 19. Nxe5 $14 {Morozevich,A-Moskalenko,V/Moscow m 1994 (52)
}) 8... Nxf6 9. Nf3 Nc6 (9... Bd6 10. g3 Nc6 11. Bg2 O-O 12. O-O Qb6 13. Rb1
Bd7 14. Bf4 Ne4 $132 {Bologan,V-Glek,I/BL9293 1993 (38)}) 10. Nc3 Bd6 11. Bd3 (
11. Bb5 O-O 12. O-O Qc7 13. h3 Bd7 14. Re1 Rae8 15. Be3 a6 16. Bf1 Qb8 $13 {
Lau,R-Gleizerov,E/Dresden op 1994 (37)}) (11. Be2 O-O 12. O-O h6 13. h3 Bd7 14.
Be3 Qe7 15. Re1 g5 $5 $132 {Hort,V-Knaak,R/BL9697 1996 (44)}) 11... O-O 12. Bg5
Qe8 13. Qd2 $6 Nh5 14. Ne2 $5 {Becoming the defnsive side for the rest of the
game,but it's hard to propose something better.} (14. Qc2) 14... e5 $1 $36 {
[%cal Ge8e2]} 15. Nxe5 ({There is no other way because} 15. dxe5 $2 {loses
after} Bb4 16. Nc3 Rxf3 $1 17. gxf3 d4 18. f4 dxc3 19. bxc3 Nxe5 $1 20. fxe5
Qxe5+ $19) 15... Nxd4 $1 16. Nxd4 Qxe5+ ({Nothing gives} 16... Bxe5 17. Ne2 Nf4
18. Bxf4 Bxf4 19. Qc2 g6 20. O-O $11 {and white is o'kay.}) 17. Be3 Nf4 18. Bf1
Bg4 $6 ({Loosing a thread.Much more dangerous for white was} 18... Bd7 $1 19.
Rd1 (19. O-O-O Rac8+ 20. Kb1 Qe4+ 21. Ka1 Nxg2 $17) 19... Rae8 20. Ne2 Bc6 {
and black's pressure is quiet unpleasent.}) 19. h3 Bh5 20. g3 Rae8 $1 {The
idea behind 18th move of black,but this sacrifice almost by force leads to a
draw.} (20... Qe7 21. a3) 21. gxf4 Rxf4 {[%csl Rd4]} 22. Be2 (22. Ne2 Bb4 23.
Nc3 d4 $19) 22... Rxd4 {[%cal Ge8e2]} 23. Qxd4 $1 (23. Bxd4 $2 Qxe2+ (23... Qe4
$1 24. Rg1 (24. O-O-O Bf4 25. Bxh5 Bxd2+ $19) (24. O-O Qg6+ 25. Kh1 Bxe2 $19)
24... Bxe2 25. Rxg7+ Kf8 26. Qh6 Bb4+ 27. Bc3 Bxc3+ 28. bxc3 Bc4+ 29. Qe3 Qh1+
30. Kd2 Rxe3 $17) 24. Qxe2 Rxe2+ 25. Kf1) 23... Qxd4 24. Bxd4 Rxe2+ 25. Kf1 Re4
{[%csl Rf1][%cal Gh5e2]} (25... Rd2 $5 26. Bxa7) 26. Bxa7 Be2+ 27. Kg2 Re6 28.
f4 $1 {This move solves all white's problems.Worse is} (28. f3 Rf6 29. Rhe1
Bxf3+ 30. Kg1 Be4 31. Bd4 Rg6+ $15 {[%csl Rg1,Rh3] and black keeps the
initiative.}) 28... Bxf4 29. Rhe1 Bd2 (29... Rg6+ 30. Kf2 Bd3 31. Re7 Rf6 $13)
30. Kf2 $1 $14 {Now white even gets symbolical advantage,but it's not enough
to cause black serious problems.} Bxe1+ 31. Rxe1 Ra6 $8 32. Bd4 Bh5 33. Re7 Kf8
34. Rxb7 Rxa2 35. Bxg7+ Ke8 36. Ke3 Ra4 37. Bd4 Bg6 38. b4 Ra3+ 39. Kf4 Rxh3
40. Ke5 1/2-1/2

[Event "Groningen Harmonie"]
[Site "Groningen"]
[Date "2002.12.26"]
[Round "5"]
[White "Baramidze, David"]
[Black "Stellwagen, Daniel"]
[Result "1-0"]
[WhiteElo "2390"]
[BlackElo "2426"]
[Annotator "Finkel,A"]
[PlyCount "65"]
[EventDate "2002.12.21"]
[EventType "tourn"]
[EventRounds "9"]
[EventCountry "NED"]
[EventCategory "10"]
[SourceTitle "CBM 093"]
[Source "ChessBase"]
[SourceDate "2003.04.01"]
[SourceVersion "1"]
[SourceVersionDate "2003.04.01"]
[SourceQuality "1"]

1. e4 e6 2. d4 d5 3. Nc3 Nf6 4. e5 Nfd7 5. f4 c5 6. Nce2 {This continuation
was used by Anand with a great success during the last couple of years.} Nc6 7.
c3 Be7 (7... Qb6) 8. Be3 O-O (8... Qb6 9. Qd2 c4 10. Nf3 Qa6 11. g3 b5 12. Bh3
g6 13. O-O Nb6 14. g4 Bd7 15. f5 $14 {Pahta,P-Henriksson,P/FIN-ch ME corr 1974}
) 9. Nf3 f6 10. Qc1 (10. Ng3 $6 cxd4 11. cxd4 Qb6 12. Qc1 Bb4+ 13. Kf2 $2 fxe5
14. fxe5 Nxd4 $17 {[%cal Gf8f2] Martin Tarrio,D-Mingo Fernandez,M/San Feliu
2000}) 10... a5 $6 {Too slow. Black should've played 10...Qb6 followed by
taking on e5.} (10... Qb6 $5 11. g3 (11. exf6 Nxf6 12. dxc5 Bxc5 13. Bxc5 Qxc5
14. Ned4 Ne4 15. Be2 g5 $5 16. fxg5 Nxd4 17. cxd4 Qb4+ 18. Nd2 Qxd4 $17) 11...
fxe5 12. dxe5 (12. Nxe5 cxd4 13. Nxd7 Bxd7 14. Nxd4 Bc5 15. Qd2 Nxd4 16. Bxd4
Bxd4 17. cxd4 Rac8 $13) 12... Qc7 13. h4 Nb6 14. Bh3 Nc4 15. Bf2 Nd8 16. Qc2
$36 {[%cal Gf3g5]}) 11. g3 a4 12. Bh3 f5 13. O-O $14 {[%cal Gg3g4,Ge2g3] The
opening is over and it's quite obvious that white managed to get an opening
advantage. mainly due to the fact that it's very difficult for black to get
counterchances on the queenside.} cxd4 (13... b6 14. g4 Ba6 15. gxf5 exf5 16.
Rf2 Qe8 17. Ng3 g6 18. Bg2 $14 {[%cal Gh2h5]}) 14. Nfxd4 $5 Nc5 15. c4 $1 {
Opening a center is right approach to the position.} dxc4 16. Qxc4 (16. Nxc6 $5
bxc6 17. Nd4 Qd5 18. Bg2 Ne4 19. Rd1 Rd8 20. Bf3 $14) 16... Na5 17. Qc2 b6 18.
Rfd1 Qe8 19. Bg2 Bb7 (19... Ra7) 20. Bxb7 Naxb7 21. b4 $1 axb3 22. axb3 Rxa1 $6
{black shouldv'e kept the rook not letting white to penitrate via a-file.} (
22... Qf7 23. b4 Ne4 24. Nc6 $16) 23. Rxa1 Nd8 24. b4 Ne4 25. Qb3 Qd7 26. Ra6
$18 {[%csl Rb6,Re6] After this move black can't protect his weaknesses on the
b6 and e6.} Kh8 27. Rxb6 Qa7 28. Nxe6 Nxe6 29. Rxe6 Qa1+ 30. Nc1 (30. Kg2 Qe1
31. Nd4 Bxb4 32. Rb6 Bc5 33. Rb8 g6 34. Rxf8+ Bxf8 35. Qf7 $18) 30... Bd8 31.
Rc6 Be7 32. Rc7 Bd8 33. Ra7 1-0